Statistics for Generator Dash #1

Click here to take the quiz!

General Stats

  • This quiz has been taken 87 times
  • The average score is 7 of 11

Answer Stats

Hint Answer % Correct
Candle part (4)Wick
88%
Pie portion (5)Slice
85%
Soviet flag symbol (6)Sickle
78%
Footwear (4)Sock
75%
9-Letter WordCLOCKWISE
74%
Canal gate (4)Lock
73%
Frown, grimace (5)Scowl
55%
Filmmaker DeMille (5)Cecil
53%
Wingless parasites (4)Lice
52%
Mouse sound? (5)Click
42%
Small, saltwater clam (6)Cockle
26%

Score Distribution

Percentile by Number Answered

Percent of People with Each Score

Your Score History

You have not taken this quiz